Nuevas banderas para la contra /
Según los acuerdos firmados entre la presidenta Violeta Chamorro, el cabecilla Israel Galeano "Franklin" y el cardenal Miguel Obando, el gobierno de Nicaragua se comprometió a "prestar una ayuda económica mínima a cada desalzado", inmediata instalación de polos de desarrollo en u...
Enregistré dans:
| Auteur principal: | |
|---|---|
| Format: | Texte |
| Langue: | Spanish |
| Sujets: | |
| Tags: |
Ajouter un tag
Pas de tags, Soyez le premier à ajouter un tag!
|
MARC
| LEADER | 00000 a a2200000 04500 | ||
|---|---|---|---|
| 001 | 12329 | ||
| 003 | cru IIS | ||
| 005 | 20220913142630.0 | ||
| 008 | 220913b |||||||| |||| 00| 0 spa d | ||
| 040 | |c cru IIS | ||
| 100 | |a Marín, Raúl | ||
| 245 | |a Nuevas banderas para la contra / |c Raúl Marín | ||
| 500 | |a Colección Centroamérica | ||
| 520 | |a Según los acuerdos firmados entre la presidenta Violeta Chamorro, el cabecilla Israel Galeano "Franklin" y el cardenal Miguel Obando, el gobierno de Nicaragua se comprometió a "prestar una ayuda económica mínima a cada desalzado", inmediata instalación de polos de desarrollo en una amplia área que ocupa casi todo el centro del país, creación de una policía de orden interno formada por ex-combatientes contras y finalmente se le garantiza a la Resistencia Nicaragüense las facilidades para que pueda convertirse en partido político. Poco después, el gobierno aseguró puestos a nivel de viceministerio para varios de los "asesores" de la contrarrevolución. A cambio los contras retificaron su compromiso de desmovilizarse antes del 10 de junio, compromiso que por lo demás no cumplieron. El alacance de estos acuerdos es preciso medirlo a la luz de todo un proceso que se ha venido dando desde el triunfo de Violeta Chamorro en las elecciones. Posteriormente el artículo describe el papel jugado por Franklin, su proyecto y la iglesia. HB/HMBQ | ||
| 650 | |a CONTRARREVOLUCION | ||
| 650 | |a AYUDA ECONOMICA | ||
| 650 | |a IGLESIA CATOLICA | ||
| 773 | |g volumen 8, número 72; páginas 20-22 | ||
| 773 | 0 | |0 43109 |9 5015 |a Coordinadora Regional de Investigaciones Económicas y Sociales |d Managua, Nicaragua: CRIES, 1982- |o 22344 |t Pensamiento Propio / | |
| 942 | |2 ddc |c PP | ||
| 999 | |c 29364 |d 29364 | ||
